<?xml version="1.0" encoding="UTF-8"?><?xml-stylesheet type="text/xsl" href="static/style.xsl"?><OAI-PMH xmlns="http://www.openarchives.org/OAI/2.0/" xmlns:xsi="http://www.w3.org/2001/XMLSchema-instance" xsi:schemaLocation="http://www.openarchives.org/OAI/2.0/ http://www.openarchives.org/OAI/2.0/OAI-PMH.xsd"><responseDate>2026-06-02T02:15:43Z</responseDate><request verb="GetRecord" identifier="oai:riuma.uma.es:10630/33214" metadataPrefix="marc">https://riuma.uma.es/rest/oai/request</request><GetRecord><record><header><identifier>oai:riuma.uma.es:10630/33214</identifier><datestamp>2026-02-03T11:34:30Z</datestamp><setSpec>com_10630_2254</setSpec><setSpec>col_10630_37953</setSpec></header><metadata><record xmlns="http://www.loc.gov/MARC21/slim" xmlns:dcterms="http://purl.org/dc/terms/" xmlns:doc="http://www.lyncode.com/xoai" xmlns:xsi="http://www.w3.org/2001/XMLSchema-instance" xsi:schemaLocation="http://www.loc.gov/MARC21/slim http://www.loc.gov/standards/marcxml/schema/MARC21slim.xsd">
   <leader>00925njm 22002777a 4500</leader>
   <datafield ind2=" " ind1=" " tag="042">
      <subfield code="a">dc</subfield>
   </datafield>
   <datafield ind2=" " ind1=" " tag="720">
      <subfield code="a">Díaz-Zorita Bonilla, Marta</subfield>
      <subfield code="e">author</subfield>
   </datafield>
   <datafield ind2=" " ind1=" " tag="720">
      <subfield code="a">Beck, Jess</subfield>
      <subfield code="e">author</subfield>
   </datafield>
   <datafield ind2=" " ind1=" " tag="720">
      <subfield code="a">Aranda Jiménez, Gonzalo</subfield>
      <subfield code="e">author</subfield>
   </datafield>
   <datafield ind2=" " ind1=" " tag="720">
      <subfield code="a">Milesi García, Lara</subfield>
      <subfield code="e">author</subfield>
   </datafield>
   <datafield ind2=" " ind1=" " tag="720">
      <subfield code="a">Sánchez Romero, Margarita</subfield>
      <subfield code="e">author</subfield>
   </datafield>
   <datafield ind2=" " ind1=" " tag="260">
      <subfield code="c">2020</subfield>
   </datafield>
   <datafield ind2=" " ind1=" " tag="520">
      <subfield code="a">En las últimas décadas, el descubrimiento de recintos de fosos en Iberia ha puesto de manifiesto la diversidad y complejidad de la deposición y manipulación de restos óseos humanos. Junto a los enterramientos tradicionales (principalmente tumbas megalíticas e hipogeos), se documentan fragmentos y restos de huesos humanos mezclados con otro tipo de cultura material en diferentes tipos de estructuras. Éste es el caso del foso 5 de Marroquíes que ofrece una oportunidad excepcional para explorar este comportamiento ritual. A partir de un enfoque multidisciplinar se pueden extrapolar tres conclusiones: 1) los elementos esqueléticos presentes muestran una selección deliberada de particulares categorías de huesos, 2) los episodios de deposición incluyen los restos de personas que murieron en momentos distintos y que fueron sujetos a factores tafonómicos diferentes, y 3) las pautas de movilidad indican que todos los individuos, excepto uno, eran locales. El movimiento y la manipulación de partes del cuerpo pueden relejar el papel activo de las personas después de su muerte como elementos sociales y simbólicos que mantienen la agencia y la capacidad de acción.</subfield>
   </datafield>
   <datafield ind1="8" ind2=" " tag="024">
      <subfield code="a">Díaz-Zorita Bonilla M, Beck J, Aranda Jiménez G, et al. The Deposition of Human Remains Inside Chalcolithic Ditched Enclosures: Ditch 5 at Marroquíes (Jaén, Spain). European Journal of Archaeology. 2020;23(3):330-355. doi:10.1017/eaa.2020.4</subfield>
   </datafield>
   <datafield ind1="8" ind2=" " tag="024">
      <subfield code="a">https://hdl.handle.net/10630/33214</subfield>
   </datafield>
   <datafield ind1="8" ind2=" " tag="024">
      <subfield code="a">10.1017/eaa.2020.4</subfield>
   </datafield>
   <datafield tag="653" ind2=" " ind1=" ">
      <subfield code="a">Yacimientos arqueológicos - Jaén</subfield>
   </datafield>
   <datafield ind2="0" ind1="0" tag="245">
      <subfield code="a">The Deposition of Human Remains Inside Chalcolithic Ditched Enclosures: Ditch 5 at Marroquíes (Jaén, Spain)</subfield>
   </datafield>
</record>
</metadata></record></GetRecord></OAI-PMH>